Tumores intracraneales / (Record no. 109983)

MARC details
000 -LEADER
campo de control de longitud fija 00725nam a2200217 4500
001 - NÚMERO DE CONTROL
campo de control 109983
003 - IDENTIFICADOR DE NÚMERO DE CONTROL
campo de control ES-MaACL
005 - FECHA Y HORA DE LA ÚLTIMA TRANSACCIÓN
campo de control 20250814063227.0
007 - CAMPO FIJO DE DESCRIPCIÓN FÍSICA--INFORMACIÓN GENERAL
campo de control de longitud fija t|
008 - DATOS DE LONGITUD FIJA--INFORMACIÓN GENERAL
campo de control de longitud fija 061121s1955 sp r ||||1| spa d
100 1# - ENTRADA PRINCIPAL--NOMBRE DE PERSONA
Nombre de persona Obrador Alcalde, Sixto,
Fechas asociadas al nombre 1911-1978
9 (RLIN) 86417
245 10 - MENCIÓN DEL TÍTULO
Título Tumores intracraneales /
Mención de responsabilidad, etc. Sixto Obrador Alcalde, J. Sanz Ibáñez.
260 ## - PUBLICACIÓN, DISTRIBUCIÓN, ETC.
Lugar de publicación, distribución, etc. Madrid :
Nombre del editor, distribuidor, etc. Paz Montalvo,
Fecha de publicación, distribución, etc. 1955.
300 ## - DESCRIPCIÓN FÍSICA
Extensión 464 p. ;
Dimensiones 24 cm.
594 ## - Nota al título y mención de responsabilidad
Nota al título y mención de responsabilidad Monografía del Instituto Nacional de Oncología
650 #4 - PUNTO DE ACCESO ADICIONAL DE MATERIA--TÉRMINO DE MATERIA
Término de materia o nombre geográfico como elemento de entrada Cabeza-
Subdivisión general Tumores.
9 (RLIN) 173831
700 1# - ENTRADA AGREGADA--NOMBRE PERSONAL
Nombre de persona Sanz Ibáñez, Julián,
Fechas asociadas al nombre 1904-1963
9 (RLIN) 103650
710 2# - ENTRADA AGREGADA--NOMBRE DE ENTIDAD CORPORATIVA
Nombre de entidad corporativa o nombre de jurisdicción como elemento de entrada Instituto Nacional de Oncología (España)
9 (RLIN) 5179
852 4# - LOCALIZACIÓN
Ubicación ES-MaACL
Número de control de estantería C-11724
Holdings
Estatus retirado Estado de pérdida Estado de daño No para préstamo Biblioteca de origen Biblioteca actual Ubicación en estantería Fecha de adquisición Fuente de adquisición Total de préstamos Signatura topográfica completa Código de barras Visto por última vez Precio de reemplazo Tipo de ítem Koha
        Biblioteca del Ateneo de Madrid Biblioteca del Ateneo de Madrid Sala Palomar 17/01/2008     C-11724 1114752 23/02/2023 23/02/2023 Libro impreso